Teoría del texto : problemas de una lingüística de la comunicación verbal /
Gardado en:
| Autor Principal: | |
|---|---|
| Formato: | Desconocido |
| Idioma: | Spanish |
| Publicado: |
Madrid, España :
Cátedra,
1977.
|
| Edición: | 1 edición |
| Materias: | |
| Etiquetas: |
Engadir etiqueta
Sen Etiquetas, Sexa o primeiro en etiquetar este rexistro!
|
MARC
| LEADER | 000000000a22000000004500 | ||
|---|---|---|---|
| 001 | 012373 | ||
| 020 | |a 8437600987 | ||
| 041 | 0 | |a spa | |
| 082 | 0 | 4 | |a 400 |b S376t |
| 100 | 1 | |a Schmidt, Siegfried J. | |
| 245 | 1 | 0 | |a Teoría del texto : |b problemas de una lingüística de la comunicación verbal / |c Siegfried J. Schmidt. |
| 250 | |a 1 edición | ||
| 260 | 1 | |a Madrid, España : |b Cátedra, |c 1977. | |
| 300 | |a 188 páginas | ||
| 500 | |a Material disponible en BMCA | ||
| 650 | 4 | |a LINGÜISTICA | |
| 500 | |a Colección George Yúdice | ||
| 999 | |c 18345 |d 18345 | ||
| 942 | |c BK |h 400 S376t |2 z | ||



